00780nam a2200241 a 450000100100000000500170001000800410002702000150006804000250008304100380010808200190014610000210016524000420018624500830022826000410031130000210035249000220037353400520039565000190044765000230046670000250048983000240051400002470620200930023324.0110131s1989 sp r 000 | spa d a8401422272 aDO-SdBNPbspacBNPHU agerhspa2Código de idioma MARC a833.914bB649m1 aBöll, Heinrich 0aFrauen vor Flublandschaft.lespañol13aMujeres a la orilla del río /cHeinrich Böll; traducción Adan Kovacsics. aBarcelona :bPlaza & Janés,c1989. a251 p. ;c19 cm. aEl Ave Fenixv127 aTítulo original :tFrauen vor Flublandschaft. 4aNovela alemana 4aLiteratura alemana1 aKovacsics, Adanetr. 3aEl Ave Fenix ;v127